Представление документа в формате MARC21

Поле Инд. ПП Название Значение
Тип записи a
Библиографический уровень m
001 Контрольный номер RU/IS/BASE/392482082
005 Дата корректировки 20140703203147.2
040 a Служба первич. каталог. НБ ТвГУ
b Код языка каталог. rus
e Правила каталог. PSBO
041 0_ a Код языка текста rus
080 a Индекс УДК 316.64:32(043.3)
084 a Индекс другой классификации/Индекс ББК С028.13я031
084 a Индекс другой классификации/Индекс ББК Ф051я031
084 a Индекс другой классификации/Индекс ББК С524.224.67я031
090 a Полочн. индекс С028.1
x Авторский знак А 91
100 1_ a Автор Астафьева Нонна Сергеевна
q Полное имя Астафьева Н. С.
245 10 a Заглавие Информационные стратегии формирования политического сознания (социально-философский анализ)
b Продолж. заглавия дис. ... к.филос.н. : 09.00.11
c Ответственность ФГБОУ ВПО "Самар. гос. архитектурно-строит. ун-т"
260 a Место издания Самара
c Дата издания 2012
300 a Объем 110 с.
500 a Примечание На правах рукоп.
502 a Примечание о диссертации Дис. (канд.) - ФГБОУ ВПО "Самарский государственный архитектуро-строительный университет", 2012
504 a Библиография Библиогр.: с. 100-110
653 a Ключевые слова Диссертации
a Ключевые слова Информационные войны
a Ключевые слова Манипулирование политическим сознанием
a Ключевые слова Манипулирование сознанием
a Ключевые слова Манипулятивные технологии
a Ключевые слова Общественное сознание
a Ключевые слова Политическое сознание
a Ключевые слова Политология
a Ключевые слова Социальная философия
a Ключевые слова Убеждающая информация
a Ключевые слова Философия
901 t Тип документа m
920 a Оператор Густ
930 a Новая/Ретро диссертации
952 c Вид литературы Дис н
954 a Дата поступления на обработку 20120621